| 000 | 01225nam a22003497a 4500 | ||
|---|---|---|---|
| 003 | CHAP | ||
| 005 | 20220329142346.0 | ||
| 008 | 000922d2000 mx r 00110 spa d | ||
| 010 | _a82325 | ||
| 011 | _a83297 | ||
| 035 | _a93808 | ||
| 040 | _cCHAP | ||
| 090 | _aTesis | ||
| 100 | 0 | 0 |
_aRomero Buendía, Víctor. _999531 |
| 245 | 1 | 0 |
_aFertilización y fechas de trasplante en tomate de cáscara (Physalis ixocarpa Brot.) _c/por Víctor Romero Buendía |
| 260 |
_aChapingo, Méx. : _bEl autor, _c2000. |
||
| 300 | _a82 h. : | ||
| 502 | _aTesis (M.C. en Horticultura) -- UACH. Departamento de Fitotecnia | ||
| 590 |
_aALEPH _b10 _c20130110 _lUCH01 _h1437 |
||
| 590 |
_aBATCH-UPD _b10 _c20130109 _lUCH01 _h2318 |
||
| 590 |
_aBATCH-UPD _b10 _c20130110 _lUCH01 _h2322 |
||
| 590 |
_aBATCH-UPD _b10 _c20130410 _lUCH01 _h1613 |
||
| 590 |
_aBATCH-UPD _b10 _c20130914 _lUCH01 _h1427 |
||
| 590 |
_aCONVERSION _b10 _c20130109 _lUCH01 _h1346 |
||
| 650 | 1 | 4 |
_aFertilizantes _xEfecto en tomate verde. _940557 |
| 650 | 1 | 4 |
_aTomate verde _xTrasplante. _9113839 |
| 901 | _aBK | ||
| 905 | _aMayto Villalobos S. | ||
| 942 | _cFOLL | ||
| 949 |
_bBC _cTES _d33724000794004 _eTS2 _fc.2 _h36567 _i93808 _si |
||
| 949 |
_bBC _cTES _d938081 _eTS1 _h36566 _i93808 _sb |
||
| 999 |
_c82325 _d82325 |
||